ბათუმის შოთა რუსთაველის სახელმწიფო უნივერსიტეტის ბიბლიოთეკა

Die Öllampen : (ბიბ.ჩანაწერი № 60569)

000 -LEADER
fixed length control field 00478nam a22001577a 4500
005 - DATE AND TIME OF LATEST TRANSACTION
control field 20230906170916.0
008 - FIXED-LENGTH DATA ELEMENTS--GENERAL INFORMATION
fixed length control field 230906s2002 gw ||||| |||| 00| 0 ger d
020 ## - INTERNATIONAL STANDARD BOOK NUMBER
International Standard Book Number 9783931743574
041 ## - LANGUAGE CODE
Language code of text/sound track or separate title ger
080 ## - UNIVERSAL DECIMAL CLASSIFICATION NUMBER
Universal Decimal Classification number 902 S-44
100 ## - MAIN ENTRY--PERSONAL NAME
Personal name Seidel, Yvonne
9 (RLIN) 19779
245 ## - TITLE STATEMENT
Title Die Öllampen :
Remainder of title in der Sammlung Antiker Kleinkunst der Friedrich-Schiller-Universität Jena
Statement of responsibility, etc. Yvonne Seidel.
264 ## - PRODUCTION, PUBLICATION, DISTRIBUTION, MANUFACTURE, AND COPYRIGHT NOTICE
Place of production, publication, distribution, manufacture Jena:
Name of producer, publisher, distributor, manufacturer Verlag,
Date of production, publication, distribution, manufacture, or copyright notice 2002.
300 ## - PHYSICAL DESCRIPTION
Extent 143 p.:
Other physical details ill.;
Dimensions 23 cm.
942 ## - ADDED ENTRY ELEMENTS (KOHA)
Source of classification or shelving scheme
Koha item type წიგნი
ეგზემპლარები
Withdrawn status Lost status Source of classification or shelving scheme Damaged status Not for loan Permanent Location Current Location Shelving location Date acquired Cost, normal purchase price Full call number Barcode Date last seen Copy number Uniform Resource Identifier Price effective from Koha item type Public note
          ბათუმის შოთა რუსთაველის სახელმწიფო უნივერსიტეტის მთავარი ბიბლიოთეკა ბათუმის შოთა რუსთაველის სახელმწიფო უნივერსიტეტის მთავარი ბიბლიოთეკა წიგნსაცავი 2023-09-06 5.00 902 S-44 65180 2023-09-06 65180 ბსუ-ს საპატიო დოქტორის გურამ ლორთქიფანიძის საჩუქარი 2023-09-06 წიგნი 5 ლ.